00237nam a2200109Ia 4500008004100000082001200041082000800053245003700061245001000098260001000108300000900118231017s9999 xx 000 0 und d a627.018 bGOS 0aCriteria for selecting hydraulic 0cNCHRP bNCHRP c30cm